Capitales d’afrique - Statistiques

Statistiques générales
  • Ce quiz a été pris 134 fois
    110 depuis la dernière actualisation
  • Le résultat moyen est 35 sur 54
Statistiques - réponses
Hint Réponse % Correct
Algerie 🇩🇿 Alger
97%
Égypte 🇪🇬 Le Caire
97%
Maroc 🇲🇦 Rabat
97%
Tunisie 🇹🇳 Tunis
93%
Mali🇲🇱 Bamako
87%
Gabon 🇬🇦 Libreville
84%
Sénégal🇸🇳 Dakar
82%
Djibouti 🇩🇯 Djibouti
81%
République démocratique du Congo 🇨🇩 Kinshasa
81%
Libye 🇱🇾 Tripoli
81%
République du Congo 🇨🇬 Brazzaville
79%
Côte d’Ivoire 🇨🇮 Yamoussoukro
79%
Cameroun 🇨🇲 Yaoundé
79%
Guinee 🇬🇳 Conakry
78%
Afrique du Sud 🇿🇦 Pretoria
78%
Kenya 🇰🇪 Nairobi
76%
Burkina Faso 🇧🇫 Ouagadougou
75%
Ghana 🇬🇭 Accra
74%
Madagascar 🇲🇬 Antananarivo
74%
Niger 🇳🇪 Niamey
74%
Éthiopie 🇪🇹 Addis-Abeba
72%
Togo 🇹🇬 Lomé
72%
Guinee-Bissau🇬🇼 Bissau
71%
Angola 🇦🇴 Luanda
71%
Sierra Leone🇸🇱 Freetown
68%
Sao Tomé-et-principes 🇸🇹 São Tomé
68%
Tchad 🇹🇩 N'Djaména
65%
Mauritanie 🇲🇷 Nouakchott
65%
Soudan 🇸🇩 Khartoum
63%
Comores 🇰🇲 Moroni
62%
Maurices 🇲🇺 Port Louis
62%
Nigeria 🇳🇬 Abuja
60%
Seychelles 🇸🇨 Victoria
60%
Benin 🇧🇯 Porto-novo
57%
Zimbabwé 🇿🇼 Harare
56%
Rwanda 🇷🇼 Kigali
56%
Érythrée 🇪🇷 Asmara
54%
Tanzanie 🇹🇿 Dodoma
54%
Gambie🇬🇲 Banjul
53%
Eswatini 🇸🇿 Mbabane
53%
Somalie 🇸🇴 Mogadiscio
53%
Centrafrique 🇨🇫 Bangui
51%
Cap-vert 🇨🇻 Praïa
51%
Soudan du Sud 🇸🇸 Djouba
49%
Ouganda 🇺🇬 Kampala
49%
Namibie 🇳🇦 Windhoek
49%
Malawi 🇲🇼 Lilongwé
47%
Botswana 🇧🇼 Gaborone
46%
Mozambique 🇲🇿 Maputo
46%
Liberia 🇱🇷 Monrovia
46%
Zambie 🇿🇲 Lusaka
43%
Guinée équatoriale 🇬🇶 Malabo
41%
Lesotho 🇱🇸 Maseru
41%
Burundi 🇧🇮 Gitega
37%
Aucun quiz correspondant
Distribution des résultats
% des personnes avec chaque résultat
Percentile par nombre de réponses
Votre historique - résultats
Vous n’avez pas pris ce quiz depuis la dernière actualisation